Girl scout handbook : intermediate program / (Record no. 135403)

MARC details
000 -LEADER
fixed length control field 00675nam a22002297a 4500
005 - DATE AND TIME OF LATEST TRANSACTION
control field 20170124110244.0
010 ## - LIBRARY OF CONGRESS CONTROL NUMBER
LC control number 755419
020 ## - INTERNATIONAL STANDARD BOOK NUMBER
Terms of availability 00.00
035 ## - SYSTEM CONTROL NUMBER
System control number 755419
037 ## - SOURCE OF ACQUISITION
Source of stock number/acquisition Cen Lib/Ret
040 ## - CATALOGING SOURCE
Original cataloging agency DPL
Language of cataloging EN
082 ## - DEWEY DECIMAL CLASSIFICATION NUMBER
Classification number 369.4
Item number GIR
245 ## - TITLE STATEMENT
Title Girl scout handbook : intermediate program /
Statement of responsibility, etc
246 ## - VARYING FORM OF TITLE
Remainder of title
260 ## - PUBLICATION, DISTRIBUTION, ETC. (IMPRINT)
Place of publication, distribution, etc New York
Name of publisher, distributor, etc Girl Scout of The U.S.A.
Date of publication, distribution, etc 1957
270 ## - ADDRESS
City New York
Address 155 East 44th street
Postal code 17, N.Y.
300 ## - PHYSICAL DESCRIPTION
Extent xv, 508p. :
Dimensions 19cm(Hb)
Other physical details ill.
500 ## - GENERAL NOTE
General note Includes index
650 ## - SUBJECT ADDED ENTRY--TOPICAL TERM
Topical term or geographic name as entry element Girl scout -- U.S.A.
9 (RLIN) 96745
650 ## - SUBJECT ADDED ENTRY--TOPICAL TERM
Topical term or geographic name as entry element Girl scouting -- Intermediate programmes
9 (RLIN) 96746
942 ## - ADDED ENTRY ELEMENTS (KOHA)
Source of classification or shelving scheme Dewey Decimal Classification
Koha item type English Books
Classification part 369.4
Call number suffix GIR
Holdings
Withdrawn status Lost status Damaged status Not for loan Home library Current library Date acquired Source of acquisition Cost, normal purchase price Total Checkouts Full call number Barcode Date last seen Copy number Cost, replacement price Price effective from Koha item type
        Central Library Central Library 06/10/2015 Cen Lib/Ret 0.00   369.4 GIR 755419 06/10/2015 1 0.00 06/10/2015 English Books

© Delhi Public Library
Hit Counter
free hit counter